Statistics for City Puzzle: Europe

Click here to take the quiz!

General Stats

  • This quiz has been taken 71 times
  • The average score is 11 of 13

Answer Stats

HintAnswer% Correct
Largest city in UkraineKyiv
98%
City also known as LeningradSaint Petersburg
97%
Turkish city also in AsiaIstanbul
95%
Scottish capitalEdinburgh
94%
Birthplace of the BeatlesLiverpool
94%
Largest Scandinavian cityStockholm
92%
Birthplace of democracyAthens
89%
Large French city near MonacoNice
86%
Major Ukrainian port cityOdessa
85%
Capital of PiedmontTurin
77%
Capital of Tyrol (in Austria)Innsbruck
72%
Largest non-capital in the EUHamburg
63%
Final cityThessaloniki
63%

Score Distribution

Percentile by Number Answered

Percent of People with Each Score

Your Score History

You have not taken this quiz